<?xml version="1.0" encoding="UTF-8"?>
<collection xmlns="http://www.loc.gov/MARC21/slim">
 <record>
  <leader>04510nas a22006251  4500</leader>
  <controlfield tag="001">1/50349</controlfield>
  <controlfield tag="008">030903c19  9999sa frzp           a0eng d</controlfield>
  <datafield tag="022" ind1=" " ind2=" ">
   <subfield code="a">0315-3681</subfield>
  </datafield>
  <datafield tag="035" ind1=" " ind2=" ">
   <subfield code="l">24378</subfield>
  </datafield>
  <datafield tag="040" ind1=" " ind2=" ">
   <subfield code="a">DLC</subfield>
   <subfield code="b">GR-PeUP</subfield>
  </datafield>
  <datafield tag="090" ind1=" " ind2=" ">
   <subfield code="a">Aλφαβητική σειρά</subfield>
  </datafield>
  <datafield tag="245" ind1="0" ind2="0">
   <subfield code="a">Utilitas mathematica</subfield>
  </datafield>
  <datafield tag="260" ind1=" " ind2=" ">
   <subfield code="a">Durban, South Africa :</subfield>
   <subfield code="b">University of Natal,</subfield>
  </datafield>
  <datafield tag="300" ind1=" " ind2=" ">
   <subfield code="a">v. :</subfield>
   <subfield code="b">ill. ;</subfield>
   <subfield code="c">23 cm.</subfield>
  </datafield>
  <datafield tag="310" ind1=" " ind2=" ">
   <subfield code="a">Semiannual</subfield>
  </datafield>
  <datafield tag="362" ind1="0" ind2=" ">
   <subfield code="a">Vol.63, no.1(May 2003)-</subfield>
  </datafield>
  <datafield tag="546" ind1=" " ind2=" ">
   <subfield code="a">English</subfield>
  </datafield>
  <datafield tag="650" ind1=" " ind2="4">
   <subfield code="a">Mathematics</subfield>
   <subfield code="x">Applied</subfield>
   <subfield code="v">Periodicals.</subfield>
  </datafield>
  <datafield tag="710" ind1="2" ind2=" ">
   <subfield code="a">University of Natal.</subfield>
   <subfield code="b">The Department of Mathematics and Applied Mathematics.</subfield>
  </datafield>
  <datafield tag="852" ind1=" " ind2=" ">
   <subfield code="a">INST</subfield>
   <subfield code="b">UNIPILB</subfield>
   <subfield code="c">SERIALS</subfield>
   <subfield code="e">20050218</subfield>
   <subfield code="h">Aλφαβητική σειρά</subfield>
   <subfield code="p">40418</subfield>
   <subfield code="q">40418</subfield>
   <subfield code="t">NOLOAN</subfield>
   <subfield code="v">no.61:(Μήνας)May;(Έτος)2002</subfield>
   <subfield code="y">23</subfield>
  </datafield>
  <datafield tag="852" ind1=" " ind2=" ">
   <subfield code="a">INST</subfield>
   <subfield code="b">UNIPILB</subfield>
   <subfield code="c">SERIALS</subfield>
   <subfield code="e">20050218</subfield>
   <subfield code="h">Aλφαβητική σειρά</subfield>
   <subfield code="p">40419</subfield>
   <subfield code="q">40419</subfield>
   <subfield code="t">NOLOAN</subfield>
   <subfield code="v">no.62:(Μήνας)November;(Έτος)2002</subfield>
   <subfield code="y">23</subfield>
  </datafield>
  <datafield tag="852" ind1=" " ind2=" ">
   <subfield code="a">INST</subfield>
   <subfield code="b">UNIPILB</subfield>
   <subfield code="c">SERIALS</subfield>
   <subfield code="e">20050218</subfield>
   <subfield code="h">Aλφαβητική σειρά</subfield>
   <subfield code="p">40420</subfield>
   <subfield code="q">40420</subfield>
   <subfield code="t">NOLOAN</subfield>
   <subfield code="v">no.63:(Μήνας)May;(Έτος)2003</subfield>
   <subfield code="y">23</subfield>
  </datafield>
  <datafield tag="852" ind1=" " ind2=" ">
   <subfield code="a">INST</subfield>
   <subfield code="b">UNIPILB</subfield>
   <subfield code="c">SERIALS</subfield>
   <subfield code="e">20050218</subfield>
   <subfield code="h">Aλφαβητική σειρά</subfield>
   <subfield code="p">40421</subfield>
   <subfield code="q">40421</subfield>
   <subfield code="t">NOLOAN</subfield>
   <subfield code="v">no.64:(Μήνας)November;(Έτος)2003</subfield>
   <subfield code="y">23</subfield>
  </datafield>
  <datafield tag="852" ind1=" " ind2=" ">
   <subfield code="a">INST</subfield>
   <subfield code="b">UNIPILB</subfield>
   <subfield code="c">SERIALS</subfield>
   <subfield code="e">20060705</subfield>
   <subfield code="h">Αλφαβητική σειρά</subfield>
   <subfield code="p">51800</subfield>
   <subfield code="q">51800</subfield>
   <subfield code="t">NOLOAN</subfield>
   <subfield code="v">no.67:(Μήνας)May;(Έτος)2005</subfield>
   <subfield code="y">23</subfield>
  </datafield>
  <datafield tag="852" ind1=" " ind2=" ">
   <subfield code="a">INST</subfield>
   <subfield code="b">UNIPILB</subfield>
   <subfield code="c">SERIALS</subfield>
   <subfield code="e">20060705</subfield>
   <subfield code="h">Αλφαβητική σειρά</subfield>
   <subfield code="p">51801</subfield>
   <subfield code="q">51801</subfield>
   <subfield code="t">NOLOAN</subfield>
   <subfield code="v">no.68:(Μήνας)November;(Έτος)2005</subfield>
   <subfield code="y">23</subfield>
  </datafield>
  <datafield tag="852" ind1=" " ind2=" ">
   <subfield code="a">INST</subfield>
   <subfield code="b">UNIPILB</subfield>
   <subfield code="c">SERIALS</subfield>
   <subfield code="e">20060713</subfield>
   <subfield code="h">Αλφαβητική σειρά</subfield>
   <subfield code="p">51940</subfield>
   <subfield code="q">51940</subfield>
   <subfield code="t">NOLOAN</subfield>
   <subfield code="v">no.65:(Μήνας)May;(Έτος)2004</subfield>
   <subfield code="y">23</subfield>
  </datafield>
  <datafield tag="852" ind1=" " ind2=" ">
   <subfield code="a">INST</subfield>
   <subfield code="b">UNIPILB</subfield>
   <subfield code="c">SERIALS</subfield>
   <subfield code="e">20060713</subfield>
   <subfield code="h">Αλφαβητική σειρά</subfield>
   <subfield code="p">51941</subfield>
   <subfield code="q">51941</subfield>
   <subfield code="t">NOLOAN</subfield>
   <subfield code="v">no.66:(Μήνας)November;(Έτος)2004</subfield>
   <subfield code="y">23</subfield>
  </datafield>
  <datafield tag="852" ind1=" " ind2=" ">
   <subfield code="a">INST</subfield>
   <subfield code="b">UNIPILB</subfield>
   <subfield code="c">SERIALS</subfield>
   <subfield code="e">20101004</subfield>
   <subfield code="h">Αλφαβητική σειρά</subfield>
   <subfield code="p">69994</subfield>
   <subfield code="q">69994</subfield>
   <subfield code="t">NOLOAN</subfield>
   <subfield code="v">no.81:(Μήνας)March;(Έτος)2010</subfield>
   <subfield code="y">23</subfield>
  </datafield>
  <datafield tag="852" ind1=" " ind2=" ">
   <subfield code="a">INST</subfield>
   <subfield code="b">UNIPILB</subfield>
   <subfield code="c">SERIALS</subfield>
   <subfield code="e">20101004</subfield>
   <subfield code="h">Αλφαβητική σειρά</subfield>
   <subfield code="p">69995</subfield>
   <subfield code="q">69995</subfield>
   <subfield code="t">NOLOAN</subfield>
   <subfield code="v">no.82:(Μήνας)July;(Έτος)2010</subfield>
   <subfield code="y">23</subfield>
  </datafield>
  <datafield tag="852" ind1=" " ind2=" ">
   <subfield code="a">INST</subfield>
   <subfield code="b">UNIPILB</subfield>
   <subfield code="c">SERIALS</subfield>
   <subfield code="e">20110124</subfield>
   <subfield code="h">Αλφαβητική σειρά</subfield>
   <subfield code="p">70903</subfield>
   <subfield code="q">70903</subfield>
   <subfield code="t">NOLOAN</subfield>
   <subfield code="v">no.83:(Μήνας)November;(Έτος)2010</subfield>
   <subfield code="y">23</subfield>
  </datafield>
  <datafield tag="852" ind1=" " ind2=" ">
   <subfield code="a">INST</subfield>
   <subfield code="b">UNIPILB</subfield>
   <subfield code="c">SERIALS</subfield>
   <subfield code="e">20110713</subfield>
   <subfield code="h">Αλφαβητική σειρά</subfield>
   <subfield code="p">72251</subfield>
   <subfield code="q">72251</subfield>
   <subfield code="t">NOLOAN</subfield>
   <subfield code="v">no.84:(Μήνας)March;(Έτος)2011</subfield>
   <subfield code="y">23</subfield>
  </datafield>
  <datafield tag="852" ind1=" " ind2=" ">
   <subfield code="a">INST</subfield>
   <subfield code="b">UNIPILB</subfield>
   <subfield code="c">SERIALS</subfield>
   <subfield code="e">20111124</subfield>
   <subfield code="h">Αλφαβητική σειρά</subfield>
   <subfield code="p">73511</subfield>
   <subfield code="q">73511</subfield>
   <subfield code="t">NOLOAN</subfield>
   <subfield code="v">no.86:(Μήνας)November;(Έτος)2011</subfield>
   <subfield code="y">23</subfield>
  </datafield>
  <datafield tag="852" ind1=" " ind2=" ">
   <subfield code="a">INST</subfield>
   <subfield code="b">UNIPILB</subfield>
   <subfield code="c">SERIALS</subfield>
   <subfield code="e">20120427</subfield>
   <subfield code="h">Αλφαβητική σειρά</subfield>
   <subfield code="p">75333</subfield>
   <subfield code="q">75333</subfield>
   <subfield code="t">NOLOAN</subfield>
   <subfield code="v">no.87:(Μήνας)March;(Έτος)2012</subfield>
   <subfield code="y">23</subfield>
  </datafield>
  <datafield tag="852" ind1=" " ind2=" ">
   <subfield code="a">INST</subfield>
   <subfield code="b">UNIPILB</subfield>
   <subfield code="c">SERIALS</subfield>
   <subfield code="e">20120829</subfield>
   <subfield code="h">Αλφαβητική σειρά</subfield>
   <subfield code="p">76317</subfield>
   <subfield code="q">76317</subfield>
   <subfield code="t">NOLOAN</subfield>
   <subfield code="v">no.88:(Μήνας)July;(Έτος)2012</subfield>
   <subfield code="y">23</subfield>
  </datafield>
  <datafield tag="852" ind1=" " ind2=" ">
   <subfield code="a">INST</subfield>
   <subfield code="b">UNIPILB</subfield>
   <subfield code="c">SERIALS</subfield>
   <subfield code="e">20121210</subfield>
   <subfield code="h">Αλφαβητική σειρά</subfield>
   <subfield code="p">77329</subfield>
   <subfield code="q">77329</subfield>
   <subfield code="t">NOLOAN</subfield>
   <subfield code="v">no.89:(Μήνας)November;(Έτος)2012</subfield>
   <subfield code="y">23</subfield>
  </datafield>
  <datafield tag="852" ind1=" " ind2=" ">
   <subfield code="a">INST</subfield>
   <subfield code="b">UNIPILB</subfield>
   <subfield code="c">SERIALS</subfield>
   <subfield code="e">20131112</subfield>
   <subfield code="h">Αλφαβητική σειρά</subfield>
   <subfield code="p">81322</subfield>
   <subfield code="q">81322</subfield>
   <subfield code="t">NOLOAN</subfield>
   <subfield code="v">no.92:(Μήνας)November;(Έτος)2013</subfield>
   <subfield code="y">23</subfield>
  </datafield>
  <datafield tag="852" ind1=" " ind2=" ">
   <subfield code="a">INST</subfield>
   <subfield code="b">UNIPILB</subfield>
   <subfield code="c">SERIALS</subfield>
   <subfield code="e">20131205</subfield>
   <subfield code="h">Αλφαβητική σειρά</subfield>
   <subfield code="p">81622</subfield>
   <subfield code="q">81622</subfield>
   <subfield code="t">NOLOAN</subfield>
   <subfield code="v">no.90:(Μήνας)March;(Έτος)2013</subfield>
   <subfield code="y">23</subfield>
  </datafield>
  <datafield tag="852" ind1=" " ind2=" ">
   <subfield code="a">INST</subfield>
   <subfield code="b">UNIPILB</subfield>
   <subfield code="c">SERIALS</subfield>
   <subfield code="e">20131205</subfield>
   <subfield code="h">Αλφαβητική σειρά</subfield>
   <subfield code="p">81623</subfield>
   <subfield code="q">81623</subfield>
   <subfield code="t">NOLOAN</subfield>
   <subfield code="v">no.91:(Μήνας)July;(Έτος)2013</subfield>
   <subfield code="y">23</subfield>
  </datafield>
  <datafield tag="900" ind1=" " ind2=" ">
   <subfield code="a">no. 93 (May 2014)</subfield>
   <subfield code="b">Οφειλόμενο</subfield>
   <subfield code="c">13/06/2017</subfield>
  </datafield>
  <datafield tag="900" ind1=" " ind2=" ">
   <subfield code="a">no. 69 (May 2006)</subfield>
   <subfield code="b">Οφειλόμενο</subfield>
   <subfield code="c">18/09/2008</subfield>
  </datafield>
  <datafield tag="900" ind1=" " ind2=" ">
   <subfield code="a">no. 70 (November 2006)</subfield>
   <subfield code="b">Οφειλόμενο</subfield>
   <subfield code="c">30/09/2010</subfield>
  </datafield>
  <datafield tag="900" ind1=" " ind2=" ">
   <subfield code="a">no. 71 (May 2007)</subfield>
   <subfield code="b">Οφειλόμενο</subfield>
   <subfield code="c">30/09/2010</subfield>
  </datafield>
  <datafield tag="900" ind1=" " ind2=" ">
   <subfield code="a">no. 72 (November 2007)</subfield>
   <subfield code="b">Οφειλόμενο</subfield>
   <subfield code="c">30/09/2010</subfield>
  </datafield>
  <datafield tag="900" ind1=" " ind2=" ">
   <subfield code="a">no. 73 (May 2008)</subfield>
   <subfield code="b">Οφειλόμενο</subfield>
   <subfield code="c">30/09/2010</subfield>
  </datafield>
  <datafield tag="900" ind1=" " ind2=" ">
   <subfield code="a">no. 74 (November 2008)</subfield>
   <subfield code="b">Οφειλόμενο</subfield>
   <subfield code="c">28/11/2010</subfield>
  </datafield>
  <datafield tag="900" ind1=" " ind2=" ">
   <subfield code="a">no. 75 (May 2009)</subfield>
   <subfield code="b">Οφειλόμενο</subfield>
   <subfield code="c">06/06/2011</subfield>
  </datafield>
  <datafield tag="900" ind1=" " ind2=" ">
   <subfield code="a">no. 76 (November 2009)</subfield>
   <subfield code="b">Οφειλόμενο</subfield>
   <subfield code="c">01/12/2011</subfield>
  </datafield>
  <datafield tag="950" ind1=" " ind2=" ">
   <subfield code="a">01/05/2002</subfield>
   <subfield code="c">SWETS INFORMATION SERVICES</subfield>
   <subfield code="d">297</subfield>
  </datafield>
  <datafield tag="951" ind1=" " ind2=" ">
   <subfield code="a">no. 91 (July 2013) - no. 92 (November 2013)</subfield>
   <subfield code="b">Main run</subfield>
  </datafield>
  <datafield tag="951" ind1=" " ind2=" ">
   <subfield code="a">no. 61 (May 2002) - no. 68 (November 2005)</subfield>
   <subfield code="b">Main run</subfield>
  </datafield>
  <datafield tag="951" ind1=" " ind2=" ">
   <subfield code="a">no. 81  (March 2010)</subfield>
   <subfield code="b">Main run</subfield>
  </datafield>
  <datafield tag="951" ind1=" " ind2=" ">
   <subfield code="a">no. 82  (July 2010)</subfield>
   <subfield code="b">Main run</subfield>
  </datafield>
  <datafield tag="951" ind1=" " ind2=" ">
   <subfield code="a">no. 84  (March 2011)</subfield>
   <subfield code="b">Main run</subfield>
  </datafield>
  <datafield tag="951" ind1=" " ind2=" ">
   <subfield code="a">no. 86 (November 2011) - no. 90 (March 2013)</subfield>
   <subfield code="b">Main run</subfield>
  </datafield>
  <datafield tag="951" ind1=" " ind2=" ">
   <subfield code="a">no. 83  (November 2010)</subfield>
   <subfield code="b">Main run</subfield>
  </datafield>
 </record>
</collection>
